[Event "Khanty-Mansiysk FIDE GP"]
[Site "Khanty-Mansiysk"]
[Date "2015.05.25"]
[Round "10"]
[White "Grischuk, Alexander"]
[Black "Giri, Anish"]
[Result "1/2-1/2"]
[WhiteElo "2780"]
[BlackElo "2776"]
[Annotator "Krasenkow,M"]
[PlyCount "63"]
[EventDate "2015.05.14"]
[EventType "tourn"]
[EventRounds "11"]
[EventCountry "RUS"]
[EventCategory "21"]
[SourceTitle "CBM 167"]
[Source "ChessBase"]
[SourceDate "2015.07.13"]
[SourceVersion "1"]
[SourceVersionDate "2015.07.13"]
[SourceQuality "1"]

1. d4 {[%emt 0:00:07]} Nf6 {[%emt 0:00:07]} 2. c4 {[%emt 0:00:25]} e6 {[%emt 0:
00:06]} 3. Nf3 {[%emt 0:00:04]} d5 {[%emt 0:00:03]} 4. Nc3 {[%emt 0:00:07]} c6
{[%emt 0:00:03]} 5. e3 {[%emt 0:08:57]} Nbd7 {[%emt 0:00:13]} 6. Be2 $5 {
[%emt 0:03:52]} Bd6 {[%emt 0:02:51]} 7. O-O {[%emt 0:08:04]} O-O {[%emt 0:00:
22]} 8. a4 {[%emt 0:00:30] Another attempt to avoid heavy theory, frequently
applied by GM Vladimir Epishin. White prevents ...d5xc4 and ...b7-b5.} Qe7 {
[%emt 0:12:01] Black has a lot of other satisfactory options:} (8... b6 $5 9.
a5 Rb8 10. axb6 axb6 11. Ra7 dxc4 12. Bxc4 b5 13. Bd3 Bb7 14. Qc2 Qb6 15. Ra1
c5 16. Nxb5 Bxf3 17. gxf3 cxd4 18. Nxd4 Rfc8 19. Qe2 Nc5 $44 {0-1 (31)
Riazantsev,A (2684)-Maletin,P (2571) Rostov on Don 2014}) (8... a6 9. Qc2 e5
10. cxd5 cxd5 11. dxe5 Nxe5 12. Rd1 Nc6 13. Bd2 Be6 $11 (13... Nb4 $143 14. Qb3
Bf5 15. Nd4 Bg6 16. Ncb5 axb5 17. Bxb4 $14 {1/2 (75) Epishin,V (2574)-Grachev,
B (2672) St Petersburg 2012})) (8... a5 9. Qc2 Qe7 (9... Re8 10. Rd1 Qe7 11. b3
b6 12. Bb2 Bb7 13. Rac1 Rac8 14. Qb1 c5 15. cxd5 exd5 16. Bb5 Red8 17. Ne2 Ne4
18. Ng3 Nxg3 19. hxg3 Nf6 20. Qf5 $14 {1-0 (45) Epishin,V (2635)-Navarro,S 
(2117) Bratto 2004}) (9... Bb4 10. b3 b6 11. Bb2 Bb7 12. Rac1 Qe7 13. Qb1 Ba3
14. Bxa3 Qxa3 15. Ne1 Qe7 16. Nd3 Ba6 17. Qc2 Rfc8 $11 {1-0 (43) Epishin,V 
(2610)-Cosma,I (2456) Marseille 2004}) 10. Bd2 b6 11. Rfe1 Bb7 12. Rad1 Rad8
13. Bd3 h6 14. cxd5 cxd5 15. Nb5 Rc8 16. Qb1 Ne4 $11 {1-0 (50) Epishin,V (2561)
-Solodovnichenko,Y (2613) Bad Zwischenahn 2012}) (8... Ne4 9. a5 f5 10. a6 b6
11. Bd2 Qf6 12. cxd5 $6 (12. Be1 $13) 12... exd5 13. Rc1 b5 14. Nxe4 fxe4 15.
Ne1 Bxa6 16. f3 Qe6 17. f4 Bb7 18. Bg4 Qe7 19. Be2 {1/2 (19) Epishin,V (2599)
-Rodriguez Guerrero,E (2433) Navalmoral 2004}) (8... dxc4 9. Nd2 $5 (9. Bxc4 {
leads to a position often arising from the classic Semi-Slav after 6.Bd3 Bd6 7.
0-0 dxc4 8.Bxc4 0-0 9.a4; Black equalises by means of} a5 10. e4 e5 {as you
can see in the following example from GM practice:} 11. Bg5 Qc7 12. h3 exd4 13.
Nxd4 Bf4 14. Bxf6 Nxf6 15. Qb3 Bh2+ 16. Kh1 Be5 17. Rad1 Bd7 18. Nde2 Rae8 {
1/2 (55) Stefansson,H (2579)-Al Modiahki,M (2575) Turin 2006}) 9... e5 10. Nxc4
Bc7 11. a5 $1 Qe7 (11... Re8 $5) 12. Qc2 (12. b3 Rd8 13. Ba3 Qe6 14. Bb2 exd4
15. exd4 Nf8 16. Bf3 Ng6 17. Re1 Qf5 $15 {1/2 (49) Suba,M (2522)-Collas,D 
(2436) Campillos 2004}) 12... Re8 13. Rd1 exd4 14. exd4 Nd5 $5 15. Nxd5 cxd5
16. Ne3 Nf6 17. Bf3 Bg4 $1 18. Bxg4 Nxg4 19. g3 Nxe3 20. Bxe3 Qd7 $11 {1/2 (60)
Atalik,S (2541)-Wolfsteiner,H (2352) Augsburg 2005 CBM 104 ext [Atalik,S]}) 9.
a5 {[%emt 0:10:42]} ({In reply to} 9. b3 {Black can come back to the} a5 {plan.
}) 9... a6 {[%emt 0:01:27]} 10. Qb3 {[%emt 0:17:21]} Ne4 {[%emt 0:04:42]} (
10... dxc4 11. Bxc4 c5 $5 {is an interesting idea. If White keeps up the
tension, Black can even continue ...Ra8-b8 and ...b7-b5.}) 11. Nd2 {[%emt 0:04:
13]} (11. Nxe4 $5 dxe4 12. Nd2 f5 13. c5 Bc7 14. Nc4 {[%cal Yf2f3] In future
White's knight can invade either b6 or d6.}) 11... f5 {[%emt 0:01:48]} 12. f4 {
[%emt 0:00:22]} Rb8 {[%emt 0:09:25] Black prefers to wait for the exchange on
e4 than to trade knights himself, which was seen in the following game and led
to an unclear position:} (12... Nxd2 13. Bxd2 Nf6 14. Be1 dxc4 15. Bxc4 Nd5 16.
Ne2 (16. Na4 $5) 16... Bd7 17. Kh1 Kh8 18. Ng1 c5 19. Bxd5 exd5 20. Bc3 c4 21.
Qc2 Qxe3 22. Rae1 Qd3 23. Qc1 $44 {1-0 (37) Jovanic,O (2458)-Pavasovic,D (2575)
Rijeka 2006}) 13. Ndxe4 {[%emt 0:05:10]} (13. Ncxe4 dxe4 14. c5 Bc7 15. Nc4 Nf6
16. Bd2 {was still possible but White doesn't want to play c4-c5. He prefers
to keep a d4-d5 possibility.}) 13... dxe4 {[%emt 0:12:19]} 14. Bd2 {[%emt 0:21:
11]} g5 {[%emt 0:00:15] Very aggressive.} ({In the event of} 14... c5 15. d5 e5
16. Na4 {Black's c5-pawn becomes vulnerable.}) 15. g3 {[%emt 0:07:37]} h6 {
[%emt 0:03:43]} 16. Na4 {[%emt 0:06:12]} Kh7 {[%emt 0:01:07]} 17. Nb6 {[%emt 0:
05:47]} Nf6 {[%emt 0:01:43]} 18. Kh1 {[%emt 0:04:08]} Bd7 {[%emt 0:00:45]} 19.
Bc3 {[%emt 0:00:05]} Be8 {[%emt 0:01:25] Black is preparing ...Be8-h5 so White
doen't want to wait.} 20. d5 $1 {[%emt 0:02:07]} gxf4 {[%emt 0:03:54] There
was no need to open up the g-file at once as it is White who can immediately
exploit it!} (20... exd5 $6 21. fxg5 {was dubious}) ({but} 20... cxd5 21. Rad1
$5 (21. cxd5 Nxd5 22. Nxd5 exd5 23. Qxd5 Rd8) 21... Rd8 22. fxg5 hxg5 23. cxd5
Nxd5 24. Nxd5 exd5 25. Rxd5 Bf7 26. Rfxf5 Bxd5 27. Rxd5 Bb8 {led to unclear
consequences.}) 21. gxf4 {[%emt 0:00:06]} Ng4 $6 {[%emt 0:00:38] This
desperate move gives White the upper hand.} (21... exd5 22. cxd5 Rd8 $5 {
[%cal Ye8f7] was still possible and hard to evaluate} (22... cxd5 23. Nxd5 Nxd5
24. Qxd5 Rd8 {was now bad due to} 25. Rg1)) 22. Bxg4 {[%emt 0:00:19]} fxg4 {
[%emt 0:00:02]} 23. Qc2 {[%emt 0:01:16]} (23. c5 $142 $1 Bxc5 24. dxe6 {
[%cal Rf4f5]} Rf5 25. Rad1 $16 {[%csl Re4,Ge6]}) 23... Bg6 {[%emt 0:02:06]} 24.
Rad1 {[%emt 0:00:34]} Rbd8 {[%emt 0:00:23]} 25. b4 {[%emt 0:00:59]} c5 {
[%emt 0:05:35]} (25... cxd5 $142 26. cxd5 Bc7) 26. bxc5 {[%emt 0:01:10]} Bxc5 {
[%emt 0:00:04]} 27. Qe2 {[%emt 0:00:15]} Bf5 {[%emt 0:04:48]} 28. Be5 {[%emt 0:
00:02]} Rg8 {[%emt 0:02:29]} 29. Rg1 {[%emt 0:00:06]} Qf7 {[%emt 0:04:13]} 30.
dxe6 {[%emt 0:00:35]} Bxe6 {[%emt 0:00:18]} 31. Nd5 {[%emt 0:00:57]} Be7 {
[%emt 0:01:14]} 32. Qc2 $14 {[%emt 0:02:13] White keeps pressure, his pieces
are more powerful, and Black's king is unsafe but Alexander Grischuk was in
time-trouble and chose to offer a draw.} 1/2-1/2

[Event "St Petersburg op"]
[Site "St Petersburg"]
[Date "1994.??.??"]
[Round "1"]
[White "Atalik, Suat"]
[Black "Mukhametov, Eldar"]
[Result "1-0"]
[WhiteElo "2530"]
[BlackElo "2390"]
[Annotator "Krasenkow,M"]
[PlyCount "61"]
[EventDate "1994.02.??"]
[EventType "swiss"]
[EventRounds "9"]
[EventCountry "RUS"]
[SourceTitle "CBM 041"]
[Source "ChessBase"]
[SourceDate "1994.08.01"]
[SourceVersion "1"]
[SourceVersionDate "1994.08.01"]
[SourceQuality "1"]

1. d4 {Ftacnik} d5 2. c4 c6 3. Nc3 Nf6 4. e3 e6 5. Nf3 Nbd7 6. Qc2 Bd6 7. Be2
O-O 8. b3 e5 9. cxd5 cxd5 (9... Nxd5) 10. Nb5 Bb8 $6 {N} (10... Bb4+ 11. Bd2
Bxd2+ 12. Nxd2 a6 $1 (12... e4 13. O-O (13. Rc1 a6 14. Nd6 Nb6 15. Qc7 Qxc7 16.
Rxc7 Rb8 17. f3 exf3 18. gxf3 Na8 19. Rc1 Rd8 20. Nxc8 Rbxc8 21. Kf2 Nb6 22.
Bd3 g6 23. b4 Ne8 24. Nb3 $14 {Knezevic,M-Velikov,P/Athens/1981/1-0 (41)})
13... a6 14. Nc3 Nb6 15. a4 Be6 16. a5 Nc8 17. b4 Ne7 18. Nb3 $14 {Lputian,
S-Anastasian,A Protvino(zt) 1993} (18. Nb3 Nf5 19. Rfb1 $2 Nh4 20. Nc5 Nd7 21.
Qd1 Qg5 22. g3 Nf6 23. b5 Bh3 24. bxa6 $13 {Lputian,S-Anastasian,A/Protvino zt/
1993/0.5 (64)})) 13. dxe5 Nxe5 14. Nd4 Bd7 (14... Bg4 {Ftacnik} 15. Bxg4 Nfxg4
(15... Nexg4 16. h3 Ne5 17. O-O Rc8 18. Qf5 Nc6 {Lev,R-Dreev,A/EU-chJ Arnhem/
1988/0.5 (18)}) 16. O-O Rc8 17. Qf5 g6 18. Qf4 Re8 19. Rad1 Nf6 20. h3 Kg7 21.
N2f3 Nxf3+ 22. Qxf3 Qa5 23. Qe2 Rc7 24. Qb2 $10 {Ehlvest,J-Wojtkiewicz,A/New
York op (04)/1994/0.5 (28)}) 15. O-O Rc8 16. Qb2 Ne4 17. Rac1 Qf6 18. Rxc8 (18.
f3 Nd6 19. Qa3 Nc6 20. Nxc6 Bxc6 21. Rfe1 $10 {Groszpeter,A-Chandler,M/Minsk/
1982/}) 18... Rxc8 19. N2f3 Nc6 $10 {Franco,Z-Illescas,M Leon 1992} (19... Nc6
20. Rc1 Nxd4 21. exd4 g6 22. h3 Qf4 23. Rxc8+ Bxc8 24. b4 $13 {Franco,
Z-Illescas Cordoba,M/Leon/1992/0-1 (64)})) 11. Ba3 Re8 12. Rc1 exd4 13. Nfxd4
Ne4 14. Nc7 (14. O-O {Ftacnik} Ne5 15. Nc7 Bxc7 16. Qxc7 Qg5 17. f4 Qh6 18.
fxe5 Qxe3+ {Uhlmann,W-Voigt,M/Hamburg Wichern-op (09)/1993/1-0}) 14... Bxc7 15.
Qxc7 Qf6 (15... Qg5 $5) 16. O-O Qg6 17. Bb5 Ne5 (17... Nef6 {Ftacnik} 18. Rfd1
a6 19. Bf1 $16) 18. Kh1 (18. Bxe8 $5 Bh3 19. g3 (19. Bxf7+ {Ftacnik} Nxf7 20.
g3 Qa6 (20... Nd2 21. Qxb7 Re8 22. Rfe1 Qe4 23. f3 Nxf3+ 24. Nxf3 Qxf3 25. Rc2
$16 Rxe3 $2 26. Qa8+ $16) 21. Qe7 Bxf1 22. Rxf1 $16) 19... Bxf1 (19... Nd2 $2 {
/\Qe4} 20. Qxe5 Nxf1 21. Qe7 h6 22. Qf8+ Kh7 23. Bxf7 Qe4 24. Bg8+ Kh8 25.
Bxd5+ $18) 20. Bxf7+ Nxf7 21. Qc8+ $1 Nd8 (21... Rxc8 22. Rxc8+ Nd8 23. Rxd8+
Kf7 24. Rf8#) 22. Qxa8 $18) 18... Bg4 19. Bxe8 Rxe8 20. f3 $2 (20. Qxb7 Nd3 21.
Rc6 Nexf2+ 22. Kg1 Qg5 23. Rc2) 20... Ng3+ 21. Kg1 (21. hxg3 Qh6+ 22. Kg1 Qxe3+
23. Rf2 Nd3 $132 (23... Nd3 {Ftacnik} 24. Qc2 (24. Rcf1 $6 Nxf2 25. Rxf2 Qe1+
26. Rf1 Qe3+ $10) 24... Nxc1 25. Qxc1 Qxd4 26. fxg4 $16)) 21... Nxf1 22. fxg4
Nxg4 $2 (22... Qe4 $1 $132) (22... Nxe3 {Ftacnik} 23. Qxe5 $18) (22... Qe4 {
Ftacnik} 23. Kxf1 Qd3+ 24. Ne2 Nxg4 25. Bc5 $16) 23. Qd7 Qe4 24. Nf5 Nfxe3 (
24... Ngxe3 25. Ne7+ Kf8 26. Nxd5+ Kg8 27. Ne7+ Kf8 28. Qh3 $18) (24... Nf6 {
Ftacnik} 25. Ne7+ Kh8 26. Rc8 Qxe3+ 27. Kh1 Ng3+ 28. hxg3 Qh6+ 29. Qh3 $18) 25.
Ne7+ Kf8 26. Nxd5+ Kg8 27. Ne7+ Kf8 28. Qd2 $1 $18 g5 (28... h5 {Ftacnik} 29.
h3 Nf6 30. Re1 $18) 29. h3 Nxg2 (29... Rxe7 {Ftacnik} 30. hxg4 Kg7 31. Bxe7
Qxe7 32. Re1 $18) 30. Nf5+ Kg8 31. Qxg5+ 1-0

[Event "Olympiad-40"]
[Site "Istanbul"]
[Date "2012.09.03"]
[Round "6.3"]
[White "Mamedyarov, Shakhriyar"]
[Black "Brkic, Ante"]
[Result "1-0"]
[WhiteElo "2729"]
[BlackElo "2587"]
[Annotator "Krasenkow,M"]
[PlyCount "63"]
[EventDate "2012.08.28"]
[EventType "team-swiss"]
[EventRounds "11"]
[EventCountry "TUR"]
[SourceTitle "CBM 151"]
[Source "ChessBase"]
[SourceDate "2012.11.13"]
[SourceVersion "1"]
[SourceVersionDate "2012.11.13"]
[SourceQuality "1"]
[WhiteTeam "Azerbaijan"]
[BlackTeam "Croatia"]
[WhiteTeamCountry "AZE"]
[BlackTeamCountry "CRO"]

1. d4 d5 2. c4 c6 3. Nc3 Nf6 4. e3 e6 5. Nf3 Nbd7 6. Qc2 Bd6 7. e4 dxe4 8. Nxe4
Nxe4 9. Qxe4 e5 10. dxe5 O-O 11. exd6 Re8 12. Qxe8+ Qxe8+ 13. Be3 Nf6 14. Bd3 (
14. O-O-O {is common here, to which Black usually replies} Bf5) 14... Be6 {
This transposes to a less favourable line for Black (14.0-0-0 Be6 15.Bd3).} (
14... Ne4 $5 15. O-O-O $1 (15. Bxe4 $2 Qxe4 16. O-O Qxc4 17. Rfe1 Be6 18. b3
Qb4 19. Rad1 Bd5 20. d7 Qd6 $17 {0-1 Martinovic,S (2516)-Adly,A (2554)/Rijeka
2009/CBM 132 Extra (26)}) 15... Nxd6 $2 16. Bc5) (14... Bg4 15. O-O-O $44) 15.
O-O-O b5 {A common undermining. However, now White's passed pawn will be
safely protected.} (15... Rd8 16. b3 (16. Rhe1 $5) 16... Bg4 17. Bf4 Bxf3 18.
gxf3 Nh5 $6 (18... c5 $13 {I.Dorfman}) 19. Rhe1 Qxe1 20. Rxe1 Nxf4 21. Rd1 $14
{1-0 Dorfman,J (2540)-Sveshnikov,E (2570)/Tashkent 1980/MCL (35)}) (15... b6 $5
{[%cal Yc6c5]} 16. Rhe1 c5 17. Ng5) 16. c5 $1 (16. b3 bxc4 17. bxc4 {1-0
Olafsson,H (2531)-Fressinet,L (2637)/Paris 2004/CBM 102 ext (55)} Qb8 $17 {
[%csl Rc1]}) (16. Ne5 bxc4 17. Nxc4 Rd8 (17... Nd5 $5) 18. Rhe1 c5 19. Rd2 Qc6
20. Ne5 Qb6 21. Red1 Rxd6 22. Bxh7+ Kxh7 23. Rxd6 Qa5 24. a3 Bb3 $15 {0-1
Naumkin,I (2370)-Sveshnikov,E (2505)/Moscow 1983/EXT 2002 (32)}) 16... Bxa2 17.
Bg5 $6 (17. Rhe1 $5 Qd8 18. Nd4 Bd5 19. Nf5 Qa5 20. Bd4 Kf8 21. Re3 $44 Re8 $2
{1-0 Yang,D (2416)-Sipos,I (2407)/Lubbock 2011/CBM 141 Extra (59)} 22. Rxe8+
Nxe8 23. d7 Nf6 24. Bxf6 gxf6 25. Be4 Qa1+ 26. Bb1 Qa5 27. Ba2 $1 $18) 17...
Nd7 18. Rhe1 Be6 19. Be3 $146 {Hardly a serious improvement.} (19. Nd4 Nxc5 20.
Bf5 Qd7 21. b4 Bxf5 22. bxc5 Be6 23. f4 h6 24. f5 $2 (24. Bh4 Rf8 25. f5 Bxf5
26. Re7 Qc8 27. Rxa7 g5 28. Bg3 Re8 $15) 24... Bxf5 25. Re7 hxg5 $19 {0-1
Ivkov,B (2460)-Panchenko,A (2485)/Sochi 1983/MCL (30)}) 19... h6 20. Bc2 Qc8
21. Nd4 $5 (21. Bd4 $5) 21... Nxc5 22. Nf5 Bxf5 $6 (22... Nd3+ $1 {disrupts
the co-ordination of White's pieces:} 23. Rxd3 Bxf5 24. Rd2 Qd7 25. Bc5 Bxc2
26. Rxc2 Qf5 $17) 23. Bxc5 Be6 24. f4 $44 {[%csl Gc2,Gc5,Gd6]} g6 25. g4 $1
Bxg4 26. Rd4 Be6 $2 {It is very difficult to find good defensive moves in such
positions.} (26... Kg7 $142 $1 27. Re7 Qa6 28. d7 Qa1+ 29. Kd2 Rd8 $13) 27. f5
$1 gxf5 $4 (27... Bxf5 28. Re7 Kg7 29. d7 Qf8 30. b4 {looks rather bad for
Black but the text move loses at once.}) 28. Rg1+ Kh7 29. Rdg4 $1 Qf8 30. Bd4
f6 31. Rg6 Rd8 32. Rxf6 1-0

[Event "FIDE World Cup"]
[Site "Khanty-Mansiysk"]
[Date "2011.08.28"]
[Round "1.1"]
[White "Leko, Peter"]
[Black "Shankland, Samuel L"]
[Result "0-1"]
[WhiteElo "2717"]
[BlackElo "2539"]
[Annotator "Krasenkow,M"]
[PlyCount "132"]
[EventDate "2011.08.28"]
[EventType "k.o."]
[EventRounds "7"]
[EventCountry "RUS"]
[SourceTitle "CBM 145"]
[Source "ChessBase"]
[SourceDate "2011.11.11"]
[SourceVersion "1"]
[SourceVersionDate "2011.11.11"]
[SourceQuality "1"]

1. d4 d5 2. c4 c6 3. Nc3 Nf6 4. e3 e6 5. Nf3 Nbd7 6. Qc2 b6 7. Bd3 Bb7 8. O-O
dxc4 {This move, changing Black's opening from the Semi-Slav to a kind of
Queen's Gambit Accepted, is very interesting but played much less often than} (
8... Be7) 9. Bxc4 c5 10. Rd1 (10. Ne5 a6 11. a4 Qc7 12. Nxd7 Qxd7 13. dxc5 Bxc5
14. Qe2 O-O 15. Kh1 Rfd8 16. e4 Bd4 17. f3 Qc7 $15 {0-1 Arlandi,E (2439)-Borgo,
G (2408)/Cremona 2005/CBM 109 ext (29)}) (10. dxc5 Bxc5 11. e4 Rc8 12. Qe2 Bb4
13. e5 Bxc3 14. bxc3 Ne4 15. Ba3 Nxc3 16. Qd3 Bxf3 17. Qxc3 Bd5 18. Qg3 Rxc4
19. Qxg7 Rf8 20. Bd6 Rc6 21. Qxh7 Qg5 {0-1 Antonsen,M (2397)-Nielsen,P (2638)/
Copenhagen 2007/CBM 119 ext}) (10. e4 cxd4 11. Nxd4 Rc8 12. Qe2 Qc7 13. Bd3 Bc5
14. Nb3 Be7 15. Bg5 O-O 16. Rac1 Qb8 17. Bh4 Bd6 $11 {1/2 Adler,J (2315)
-Friedrich,N (2286)/Switzerland 2006/EXT 2007 (35)}) (10. Qe2 a6 (10... Qb8 11.
Rd1 Bd6 12. h3 O-O 13. Bd2 h6 14. Rac1 a6 15. a4 Re8 16. Be1 cxd4 17. Nxd4 Ne5
$11 {1/2 Baumegger,S (2409)-Hoelzl,F (2410)/Vienna 1999/CBM 073 ext (42)}) 11.
a4 (11. Rd1 b5 12. Bb3 Qc7 13. d5 c4 14. dxe6 fxe6 15. Bc2 Bd6 16. e4 O-O 17.
Qd2 Bc5 $15 {0-1 Straeter,T (2325)-Nielsen,P (2626)/Germany 2008/CBM 123 (35)})
11... Bd6 12. Rd1 (12. b3 O-O 13. Bb2 cxd4 14. exd4 Qb8 15. h3 Re8 16. Rfe1 Nf8
17. Ne5 Ng6 18. g3 Bb4 19. Rec1 Qd8 20. Rd1 Qe7 21. Rac1 Red8 22. Kh2 {1/2
Gustafsson,J (2603)-Nogueiras Santiago,J (2556)/Turin 2006/CBM 113}) (12. dxc5
Nxc5 13. b3 O-O 14. Bb2 Qe7 15. Nd2 {1/2 Alekseev,V (2389)-Smirnov,V (2411)/
Minsk 2002/EXT 2004}) 12... O-O 13. d5 (13. b3 cxd4 14. exd4 Qb8 15. h3 Re8 16.
Be3 Nd5 $11 {1/2 Del Rio Angelis,S (2559)-Magem Badals,J (2553)/Montcada 2009/
CBM 133 (25)}) 13... exd5 14. Nxd5 Nxd5 15. Bxd5 Bxd5 16. Rxd5 Nf6 17. Rd1 Ne4
18. Nd2 Nxd2 19. Bxd2 Qc7 20. h3 Qc6 {1/2 Timman,J (2578)-Kasparov,G (2831)/
Reykjavik 2004/CBM 100}) 10... Be7 {Not the most active. Practice has seen:} (
10... Qc7 11. e4 $1 cxd4 12. Nb5 $36) (10... a6 11. d5 exd5 12. Nxd5 b5 13.
Nxf6+ Qxf6 14. Bd5 Bxd5 15. Rxd5 Be7 16. e4 Qe6 {1-0 Stefansson,H (2575)-Borgo,
G (2426)/Beijing 2008/CBM 126 Extra (39)} 17. Be3 $1 O-O 18. Rad1 $14) (10...
Qc8 11. d5 exd5 12. Nxd5 Bxd5 13. Bxd5 Nxd5 14. Rxd5 Be7 15. e4 O-O 16. Bg5 Re8
17. Rad1 Nf8 18. Qc4 Qe6 19. b3 h6 20. Bf4 Ng6 21. Bg3 Bf8 $11 {1-0 Wang Yue 
(2739)-Carlsen,M (2776)/Wijk aan Zee 2009/CBM 129 (67)}) (10... Bxf3 $5 11.
gxf3 cxd4 12. Rxd4 Bc5 13. Rd1 O-O 14. a3 Qc8 15. Bf1 Ne5 16. Bg2 Ng6 17. f4
Nh4 $1 $132 {1-0 Maric,A (2412)-Mastrovasilis,A (2518)/Athens 2008/CBM 125
Extra (34)}) (10... cxd4 11. Nxd4 (11. exd4 Rc8 (11... Bxf3 12. gxf3 Bd6 13. d5
e5 14. Nb5 Qe7 15. Bf1 O-O 16. Qc6 Bc5 17. d6 Qd8 18. Qc7 Qe8 19. Bh3 e4 $132 {
1-0 Khurtsidze,N (2418)-Houska,J (2334)/Chisinau 2005/CBM 106 ext (45)}) 12.
Qe2 Bxf3 13. gxf3 Bd6 14. Ba6 Rxc3 $1 15. bxc3 Nd5 $44 16. Qf1 $6 Nxc3 $15 {
1/2 Fraczek,D (2376)-Dziuba,M (2562)/Krakow 2009/CBM 134 Extra (23)}) 11... Qb8
(11... Rc8 12. Qe2 Qc7 13. Ba6 Bc5 14. Ndb5 Qc6 15. Bxb7 Qxb7 16. e4 O-O 17.
Bg5 e5 18. Nd6 Bxd6 19. Rxd6 $14 {0-1 Socko,B (2646)-Stefansson,H (2574)/
Heraklio 2007/CBM 121 (42)}) 12. h3 a6 13. b3 Be7 14. Bb2 b5 15. Be2 O-O {
1/2 Stojanovic,M (2561)-Saric,A (2505)/Neum 2008/CBM 124 Extra}) 11. Ne5 (11.
dxc5 Bxc5 12. b3 O-O 13. Bb2 Qe7 14. Qe2 $11 {1/2 Onischuk,A (2678)-Shankland,
S (2512)/Saint Louis 2011/CBM 142 (30)}) (11. d5 $5 {has not yet been tested.})
11... O-O 12. dxc5 Qc7 $1 13. c6 Nxe5 14. cxb7 Qxb7 15. Be2 Rac8 {Despite
White's bishop pair, Black has no problems due to his perfect development.} 16.
Qa4 Rc5 (16... Rfd8 $11) 17. Bd2 Qa8 18. Rac1 (18. f4 $5 Ng6 19. Be1) 18...
Rfc8 19. b4 R5c7 20. Ba6 Rd8 21. Be1 h5 22. Rxd8+ Qxd8 23. Rd1 Qa8 24. Be2 Rc8
25. a3 Nc4 26. Qa6 Nd6 27. h3 g6 28. Bf3 Qb8 29. Ne2 Nd7 30. Bc3 Rc7 31. Ba1 b5
32. Nd4 Qb6 33. Qxb6 Nxb6 {[%mdl 4096]} 34. Nc6 Bf8 35. Be5 Nbc4 36. Bh2 f6 37.
Nd8 e5 38. Bd5+ Kh8 39. Ne6 Rc8 40. g4 hxg4 41. hxg4 g5 42. Kg2 Kh7 43. Bxc4
Nxc4 44. Rd7+ Kg6 45. Rxa7 Re8 {White has won a pawn but his "dead" h2-bishop
makes his winning chances slim. However, it looks unbelievable that he can
lose this game!} 46. Ra6 (46. Nc7 $142 Re7 47. Nxb5 Rxa7 48. Nxa7 Nxa3 49. Nc6
Bd6 50. Kf3 Kf7 51. Ke4 Ke6 {with a probable draw.}) 46... Bd6 47. Nc5 Bxc5 48.
bxc5 Rc8 49. c6 Kf7 50. Bg1 Ke6 51. f3 Kd6 52. c7+ Ke7 53. f4 (53. a4 $142 $11
b4 $6 54. Rc6) 53... Rxc7 54. fxg5 fxg5 55. Bf2 $6 (55. e4 $1 {was now a must
to activate the bishop. If} Nd6 {then} 56. Be3 Nxe4 57. Kf3 $11) 55... e4 $1 {
[%csl Rf2]} 56. Rg6 Rc5 57. Ra6 Rd5 58. Kf1 Rd1+ 59. Kg2 Rd3 60. Rg6 $2 (60.
Ra7+ Kd6 61. Ra6+ Kd7 (61... Kd5 62. Rg6 Rxa3 63. Rxg5+ Kc6 64. Rg6+) 62. Ra7+
Kc6 63. Ra6+ Kb7 64. Re6 Nxe3+ 65. Bxe3 Rxe3 66. Kf2 Rxa3 67. Rxe4 {, and
White should not lose.}) 60... Rxa3 61. Rxg5 b4 62. Rb5 (62. Be1 $5 Rb3 $1 (
62... b3 63. Bb4+ Kf6 64. Rf5+ Ke6 65. Bxa3 Nxa3 66. Rf4 Kd5 67. Rf5+ Kc4 $6
68. Rf1 {[%cal Rg4g5]}) (62... Nxe3+ 63. Kf2 Nc2 64. Bxb4+ Nxb4 65. Re5+ $11)
63. Kf2 $1 (63. Rb5 Nxe3+ 64. Kf2 Nxg4+ 65. Kg2 Ne3+ 66. Kf2 Nc2 67. Re5+ Kd6
68. Rxe4 Nxe1 69. Kxe1 Kc5 70. Kd2 Rc3 $1 $19) 63... Rb2+ 64. Kg3 $11) 62... b3
63. Rb7+ $4 {The decisive mistake.} (63. Be1 $1 {[%cal Re1b4] was still a draw,
e.g.} Kd7 (63... Ra2+ 64. Kh3 $1 Re2 $140 65. Bh4+) (63... Nxe3+ 64. Kf2 Nxg4+
65. Kg3 $11) (63... Ke6 64. Bc3 Nxe3+ 65. Kg3 Nd1 66. Bd4 {etc.}) 64. Bc3 Kc6
65. Rb8 Nxe3+ 66. Kg3 Nd1 67. Bg7 b2+ 68. Kf4 e3 69. Kf3 $11 {We see how
strong the bishop is when fighting passed pawns.}) 63... Ke6 $19 {Black's
b3-pawn now queens.} 64. g5 Kf5 65. Rb5+ Kg6 66. Be1 b2 0-1